书目信息 |
| 题名: |
航空母舰和舰载机
|
|
| 作者: | 毕晓普 , 钱特 著 ;张国良 , 李洮 , 崔小乔 译 | |
| 分册: | Ⅱ | |
| 出版信息: | 北京 中国市场出版社 2010.01 |
|
| 页数: | 210页 | |
| 开本: | 25cm | |
| 丛书名: | ||
| 单 册: | ||
| 中图分类: | E925.671 , E926.392 | |
| 科图分类: | ||
| 主题词: | 航空母舰--简介--世界 , 舰载飞机--简介--世界 , 航空母舰 , 舰载飞机 | |
| 电子资源: | ||
| ISBN: | 978-7-5092-0535-8 | |
| 000 | 01260nam0 2200337 45 | |
| 001 | 1237622513 | |
| 005 | 20120618095005.14 | |
| 010 | @a978-7-5092-0535-8@dCNY48.00 | |
| 100 | @a20090104d2010 em y0chiy0110 ea | |
| 101 | 1 | @achi@ceng |
| 102 | @aCN@b110000 | |
| 105 | @aa z 000yy | |
| 106 | @ar | |
| 200 | 1 | @a航空母舰和舰载机@AHang Kong Mu Jian He Jian Zai Ji@hⅡ@f(英)克里斯·毕晓普(Chris Bishop),(英)克里斯·钱特(Chirs Chant)著@F( Ying ) Ke Li Si· Bi Xiao Pu (Chris Bishop),( Ying ) Ke Li Si· Qian Te (Chirs Chant) Zhu@g张国良,李洮,崔小乔译 |
| 210 | @a北京@c中国市场出版社@d2010.01 | |
| 215 | @a210页@c图@d25cm | |
| 312 | @a封面英文题名:Aircraft carriers | |
| 330 | @a本书分为冷战期间的航空母舰;现代航空母舰;冷战期间的航母舰载机;现代航母舰载机四部分。 | |
| 606 | 0 | @a航空母舰@x简介@y世界 |
| 606 | 0 | @a舰载飞机@x简介@y世界 |
| 606 | 0 | @a航空母舰 |
| 606 | 0 | @a舰载飞机 |
| 690 | @aE925.671@v4 | |
| 690 | @aE926.392@v4 | |
| 701 | 0 | @c(英)@a毕晓普@ABi Xiao Pu@c(Bishop, Chris)@4著 |
| 701 | 0 | @c(英)@a钱特@AQian Te@c(Chant, Chirs)@4著 |
| 702 | 0 | @a张国良@AZhang Guo Liang@4译 |
| 702 | 0 | @a李洮@ALi Tao@4译 |
| 702 | 0 | @a崔小乔@ACui Xiao Qiao@4译 |
| 801 | 0 | @aCN@bTSTCL@c20120604 |
| 905 | @b0817447-50@dE925.671@e24:2@f4 | |
| 航空母舰和舰载机.Ⅱ/(英)克里斯·毕晓普(Chris Bishop),(英)克里斯·钱特(Chirs Chant)著/张国良,李洮,崔小乔译.-北京:中国市场出版社,2010.01 |
| 210页:图;25cm |
| ISBN 978-7-5092-0535-8:CNY48.00 |
| 本书分为冷战期间的航空母舰;现代航空母舰;冷战期间的航母舰载机;现代航母舰载机四部分。 |
| ● |
| 相关链接 |
|
|
|
|
正题名:航空母舰和舰载机
索取号:E925.671/24:2
 
预约/预借
| 序号 | 登录号 | 条形码 | 馆藏地/架位号 | 状态 | 备注 |
| 1 | 0817447 | 208174474 | 第一样本阅览室/ [索取号:E925.671/24:2] | 在馆 | |
| 2 | 0817448 | 208174483 | 第一借阅区/ [索取号:E925.671/24:2] | 在馆 | |
| 3 | 0817449 | 208174492 | 第一借阅区/ [索取号:E925.671/24:2] | 在馆 | |
| 4 | 0817450 | 208174508 | 第一借阅区/ [索取号:E925.671/24:2] | 在馆 |